01016nas a2200265Ia 4500001001100000003000900011008004100020040001300061040001300074041001300087100004600100210001800146222001800164245007400182250001100256260002300267501008600290300001700376362003200393500004900425650003600474942000700510999001900517952021400536R002/39342IT-RoPAU151124c99999999xx |||||||||||| ||und|| aIT-RoPAU cIT-RoPAU aITALIANO aMaggi RaffaellogCodice Aut. SPICS: 904 aBIANCO E NERO aBianco E Nero aBIANCO E NERO, ANNO 12-N.10-OTTOBRE 1951bFattore Tempo Nel Film (Il) a1a ed. aROMAbATENEOc1951 bPaulus - SPICS - Società San Paolo EM (non-commercial uses only)cCopyright2015 a10 p. [5-14] aANNO 012, N.10-OTTOBRE 1951 aProfilo-Di-Teorie Relazioni-Fra-Tempo-E-Film aCINEMAvPUBBLICAZIONE PERIODICA cCR c130822d130822 0010406R_002_39342000000000071aSPICSbSPICSd2015-11-25l0oR002/39342r2015-11-25 00:00:00w2015-11-25yCRzProgr. Ins: 1740 / Copia rara: NO / date import: 25.11.2015 / By Epidotti, Trombetti, Vaglietti